000 01440cam a2200145 4500500
005 20260405020933.0
041 _afre
042 _adc
100 1 0 _aRichard, François
_eauthor
700 1 0 _aUrribarri, Fernando
_eauthor
245 0 0 _aAutour de l'œuvre d'André Green : Enjeux pour une psychanalyse contemporaine. Actes du Colloque de Cerisy, 2004
260 _bPresses Universitaires de France,
_c2005.
520 _aAndré Green, membre de la Société psychanalytique de Paris, ancien président de celle-ci et ancien vice-président de l’Association psychanalytique internationale est devenu une référence essentielle dans le mouvement psychanalytique car son œuvre peut se définir comme une recherche permanente visant à surmonter quelques impasses du post-freudisme.Il a élaboré un modèle original qui articule une reconceptualisation des fondements avec une rénovation de la méthode clinique. L’enjeu du colloque puis de la publication de ces actes est de dégager un nouveau paradigme susceptible de dépasser la crise de la psychanalyse contemporaine, d’où le titre retenu. La participation active d’André Green a permis des échanges fructueux, dans un contexte socioculturel et épistémique en évolution, autourde l’analyse du «malaise (contemporain) dans la culture».
856 4 1 _uhttps://shs.cairn.info/autour-de-l-uvre-d-andre-green--9782130546429?lang=fr&redirect-ssocas=7080
999 _c2126582
_d2126582